[Event "EU-ch (Women) 10th"]
[Site "St Petersburg"]
[Date "2009.03.10"]
[Round "3"]
[White "Kovanova, Baira"]
[Black "Cherenkova, Kristina"]
[Result "1-0"]
[WhiteElo "2386"]
[BlackElo "2270"]
[PlyCount "59"]
[EventDate "2009.03.08"]
[EventType "swiss"]
[EventRounds "11"]
[EventCountry "RUS"]
[SourceTitle "CBM 129 Extra"]
[Source "ChessBase"]
[SourceDate "2009.05.05"]
[SourceVersion "2"]
[SourceVersionDate "2009.05.20"]
[SourceQuality "1"]

1. e4 e5 2. Nf3 Nc6 3. Bb5 Nf6 4. d3 d6 5. c3 g6 6. 0-0 Bg7 7. Nbd2 0-0 8. Re1 a6 9. Ba4 b5 10. Bc2 Bb7 11. Nf1 Nb8 12. d4 Nbd7 13. Ng3 Re8 14. a4 exd4 15. cxd4 c5 16. Bf4 Nf8 17. axb5 axb5 18. Rxa8 Bxa8 19. d5 Qb6 20. Qd2 N8d7 21. h3 Bb7 22. b4 Ra8 23. bxc5 Nxc5 24. Bh6 Qa5 25. Qg5 Bxh6 26. Qxh6 Qd8 27. Nd4 b4 28. Ngf5 gxf5 29. Nxf5 Ne8 30. e5 1-0

[Event "EU-Cup (Women) 13th"]
[Site "Kallithea"]
[Date "2008.10.23"]
[Round "7"]
[White "Zhao, Xue"]
[Black "Cherenkova, Kristina"]
[Result "1-0"]
[WhiteElo "2518"]
[BlackElo "2245"]
[PlyCount "77"]
[EventDate "2008.10.17"]
[EventType "team-swiss"]
[EventRounds "7"]
[EventCountry "GRE"]
[SourceTitle "CBM 126 Extra"]
[Source "ChessBase"]
[SourceDate "2008.11.05"]
[SourceVersion "1"]
[SourceVersionDate "2008.11.05"]
[SourceQuality "1"]
[WhiteTeam "Vidnoe Spartak (W)"]
[BlackTeam "Attikis Aspropirgos (W)"]
[WhiteTeamCountry "RUS"]
[BlackTeamCountry "GRE"]

1. d4 Nf6 2. c4 g6 3. Nc3 Bg7 4. e4 d6 5. Nf3 0-0 6. Be2 e5 7. Be3 Ng4 8. Bg5 f6 9. Bc1 exd4 10. Nxd4 f5 11. h3 Nh6 12. exf5 Nxf5 13. Nxf5 Rxf5 14. Be3 Nc6 15. Qd2 Rf8 16. 0-0 Be6 17. Nd5 Kh8 18. Rad1 Qd7 19. Rfe1 Rae8 20. b3 Qf7 21. Bf1 a5 22. a3 b6 23. Be2 Rc8 24. Nf4 Bd7 25. b4 axb4 26. axb4 Nd4 27. Nd5 Nxe2+ 28. Rxe2 b5 29. c5 Be6 30. cxd6 cxd6 31. Bd4 Rc4 32. Bxg7+ Kxg7 33. Rde1 Bxd5 34. Re7 Kg8 35. Rxf7 Bxf7 36. Qxd6 Rfc8 37. Re7 R8c6 38. Qe5 Rc1+ 39. Kh2 1-0

[Event "EU-Cup (Women) 13th"]
[Site "Kallithea"]
[Date "2008.10.22"]
[Round "6"]
[White "Cherenkova, Kristina"]
[Black "Gesser, Bella"]
[Result "1/2-1/2"]
[WhiteElo "2245"]
[BlackElo "2254"]
[PlyCount "69"]
[EventDate "2008.10.17"]
[EventType "team-swiss"]
[EventRounds "7"]
[EventCountry "GRE"]
[SourceTitle "CBM 126 Extra"]
[Source "ChessBase"]
[SourceDate "2008.11.05"]
[SourceVersion "1"]
[SourceVersionDate "2008.11.05"]
[SourceQuality "1"]
[WhiteTeam "Attikis Aspropirgos (W)"]
[BlackTeam "Haifa Madatech (W)"]
[WhiteTeamCountry "GRE"]
[BlackTeamCountry "ISR"]

1. e4 c5 2. Nf3 d6 3. Bb5+ Bd7 4. Bxd7+ Qxd7 5. 0-0 Nf6 6. Re1 e6 7. b3 Be7 8. Bb2 Nc6 9. d4 cxd4 10. Nxd4 0-0 11. c4 Nxd4 12. Qxd4 Bd8 13. Nc3 Bb6 14. Qd1 e5 15. Nd5 Nxd5 16. Qxd5 Qc6 17. Rad1 Bc5 18. Bc1 a5 19. a3 Qxd5 20. Rxd5 f5 21. exf5 Rxf5 22. Be3 Bxa3 23. Ra1 Bb4 24. Rb5 Rff8 25. Rxb7 Rfb8 26. Rxb8+ Rxb8 27. Kf1 Kf7 28. Ke2 Ke6 29. Kd3 d5 30. cxd5+ Kxd5 31. Bd2 Bxd2 32. Kxd2 Rxb3 33. Rxa5+ Ke4 34. Ra4+ Kf5 35. Ra7 1/2-1/2

[Event "EU-Cup (Women) 13th"]
[Site "Kallithea"]
[Date "2008.10.18"]
[Round "2"]
[White "Paganoglou, Anastasia"]
[Black "Cherenkova, Kristina"]
[Result "0-1"]
[WhiteElo "1953"]
[BlackElo "2245"]
[PlyCount "76"]
[EventDate "2008.10.17"]
[EventType "team-swiss"]
[EventRounds "7"]
[EventCountry "GRE"]
[SourceTitle "CBM 126 Extra"]
[Source "ChessBase"]
[SourceDate "2008.11.05"]
[SourceVersion "1"]
[SourceVersionDate "2008.11.05"]
[SourceQuality "1"]
[WhiteTeam "Thessaloniki Galaxias (W)"]
[BlackTeam "Attikis Aspropirgos (W)"]
[WhiteTeamCountry "GRE"]
[BlackTeamCountry "GRE"]

1. e4 c5 2. Nf3 e6 3. c4 Nc6 4. Nc3 a6 5. Be2 Qc7 6. 0-0 Nf6 7. d4 cxd4 8. Nxd4 Be7 9. Be3 d6 10. f3 0-0 11. Qd2 Rd8 12. Rac1 Qb8 13. Na4 Nd7 14. Rfd1 Nxd4 15. Bxd4 b5 16. Nc3 bxc4 17. Bxc4 Bb7 18. Qf2 Rc8 19. b3 Bc6 20. Qe2 Qb7 21. Qf2 Bb5 22. Bf1 Ne5 23. Qg3 Bxf1 24. Rxf1 Bf6 25. f4 Nf3+ 26. Qxf3 Bxd4+ 27. Kh1 Rxc3 28. Rxc3 Bxc3 29. Qxc3 Qxe4 30. Rc1 h6 31. Qd2 d5 32. h3 d4 33. Rc4 Rd8 34. b4 f5 35. a4 Qe3 36. Rc2 Qb3 37. a5 d3 38. Rb2 Qxb2 0-1

[Event "GER-RUS U20 Girls"]
[Site "Neustadt an der Weinstrasse"]
[Date "2008.08.28"]
[Round "8.3"]
[White "Hoolt, Sarah"]
[Black "Cherenkova, Kristina"]
[Result "1/2-1/2"]
[WhiteElo "2298"]
[BlackElo "2282"]
[PlyCount "95"]
[EventDate "2008.08.20"]
[EventType "schev"]
[EventRounds "8"]
[EventCountry "GER"]
[SourceTitle "CBM 126 Extra"]
[Source "ChessBase"]
[SourceDate "2008.11.05"]
[SourceVersion "1"]
[SourceVersionDate "2008.11.05"]
[SourceQuality "1"]

1. e4 d6 2. d4 Nf6 3. Nc3 e5 4. Nf3 Nbd7 5. Bc4 exd4 6. Qxd4 Nb6 7. e5 c5 8. Bb5+ Bd7 9. Qd3 dxe5 10. Nxe5 Be7 11. Nxd7 Nbxd7 12. Qg3 a6 13. Be2 Qb6 14. 0-0 0-0 15. Bf4 Rfe8 16. a4 Nf8 17. a5 Qa7 18. Rfe1 Ne6 19. Be5 Nd7 20. Bg4 Nxe5 21. Bxe6 Bd6 22. Ne4 Rxe6 23. Nxd6 Qb8 24. Ne4 Rg6 25. Qc3 c4 26. Rad1 Ng4 27. Ng3 Qf4 28. Qd4 Qc7 29. Qd7 Qxd7 30. Rxd7 Rg5 31. f3 Nf6 32. Rxb7 Rxa5 33. Ree7 Ra1+ 34. Kf2 Rc1 35. c3 Rc2+ 36. Re2 Rxe2+ 37. Nxe2 Nd5 38. g3 Kf8 39. Nd4 g6 40. Nc6 Re8 41. Rd7 Nb6 42. Rb7 Na4 43. Nb8 a5 44. Nd7+ Kg7 45. f4 Re7 46. Nc5 Rxb7 47. Nxb7 Nxb2 48. Nxa5 1/2-1/2

[Event "GER-RUS U20 Girls"]
[Site "Neustadt an der Weinstrasse"]
[Date "2008.08.26"]
[Round "6.1"]
[White "Fuchs, Judith"]
[Black "Cherenkova, Kristina"]
[Result "0-1"]
[WhiteElo "2197"]
[BlackElo "2282"]
[PlyCount "108"]
[EventDate "2008.08.20"]
[EventType "schev"]
[EventRounds "8"]
[EventCountry "GER"]
[SourceTitle "CBM 126 Extra"]
[Source "ChessBase"]
[SourceDate "2008.11.05"]
[SourceVersion "1"]
[SourceVersionDate "2008.11.05"]
[SourceQuality "1"]

1. e4 e5 2. Bc4 Nc6 3. Nf3 Nf6 4. d3 Be7 5. c3 0-0 6. Bb3 d6 7. Nbd2 h6 8. 0-0 Nh7 9. Re1 Ng5 10. Nxg5 Bxg5 11. Nf3 Bxc1 12. Rxc1 Kh8 13. h3 f5 14. d4 fxe4 15. Rxe4 Bf5 16. Re3 e4 17. Nd2 d5 18. Nf1 Ne7 19. Ng3 Qd6 20. c4 c6 21. cxd5 cxd5 22. Rc5 Be6 23. Qd2 Rf7 24. Rc2 Raf8 25. Qa5 Ng6 26. Qxa7 Nf4 27. Qc5 Qd7 28. Nh1 Qd8 29. Qc3 h5 30. f3 Bf5 31. fxe4 Bh7 32. Rf2 Rc7 33. Qd2 dxe4 34. Rc3 Rxc3 35. bxc3 Qg5 36. Qe3 h4 37. Kh2 Qf6 38. Bc2 Qd6 39. Kg1 Nd5 40. Rxf8+ Qxf8 41. Qe1 Qf4 42. Bb3 Nf6 43. Nf2 Qg3 44. Bc4 Bf5 45. Kf1 Nh5 46. Nd1 Qf4+ 47. Kg1 Ng3 48. Qe3 g5 49. d5 Qxe3+ 50. Nxe3 Kg7 51. d6 Kf6 52. Nxf5 Nxf5 53. d7 Ke7 54. Bb5 Nd6 0-1

[Event "GER-RUS U20 Girls"]
[Site "Neustadt an der Weinstrasse"]
[Date "2008.08.20"]
[Round "1.4"]
[White "Endress, Anna"]
[Black "Cherenkova, Kristina"]
[Result "1/2-1/2"]
[WhiteElo "2042"]
[BlackElo "2282"]
[PlyCount "80"]
[EventDate "2008.08.20"]
[EventType "schev"]
[EventRounds "8"]
[EventCountry "GER"]
[SourceTitle "CBM 126 Extra"]
[Source "ChessBase"]
[SourceDate "2008.11.05"]
[SourceVersion "1"]
[SourceVersionDate "2008.11.05"]
[SourceQuality "1"]

1. e4 c5 2. Nf3 e6 3. d4 cxd4 4. Nxd4 Nc6 5. Nc3 Qc7 6. Be2 a6 7. Be3 Nf6 8. 0-0 Bb4 9. Na4 0-0 10. Nxc6 bxc6 11. Nb6 Rb8 12. Nxc8 Qxc8 13. Bd4 Nxe4 14. Bd3 f5 15. Bxe4 fxe4 16. Qg4 Rf7 17. Qxe4 Bf8 18. Rad1 c5 19. Be5 Rb4 20. Qe2 d5 21. Rfe1 Qc6 22. Rd3 Re4 23. Re3 Rxe3 24. Qxe3 Qa4 25. Qb3 Qb5 26. Re3 c4 27. Qxb5 axb5 28. Bd4 Re7 29. Bc5 Re8 30. Bxf8 Kxf8 31. Ra3 Kf7 32. Ra7+ Kf6 33. a3 Rd8 34. Kf1 d4 35. Rc7 d3 36. cxd3 Rxd3 37. a4 bxa4 38. Rxc4 Rb3 39. Rxa4 Rxb2 40. g3 h5 1/2-1/2

[Event "Pardubice Chladek&Tintera op-A 19th"]
[Site "Pardubice"]
[Date "2008.07.18"]
[Round "1"]
[White "Velicka, Petr"]
[Black "Cherenkova, Kristina"]
[Result "1-0"]
[WhiteElo "2492"]
[BlackElo "2282"]
[PlyCount "129"]
[EventDate "2008.07.18"]
[EventType "swiss"]
[EventRounds "9"]
[EventCountry "CZE"]
[SourceTitle "CBM 125 Extra"]
[Source "ChessBase"]
[SourceDate "2008.09.01"]
[SourceVersion "1"]
[SourceVersionDate "2008.09.01"]
[SourceQuality "1"]

1. e4 c5 2. Nf3 e6 3. b3 Nc6 4. Bb5 Nge7 5. 0-0 a6 6. Bxc6 Nxc6 7. Bb2 d6 8. d4 cxd4 9. Nxd4 Qc7 10. c4 Bd7 11. Re1 Nxd4 12. Qxd4 e5 13. Qd2 Be7 14. Nc3 Be6 15. Nd5 Bxd5 16. Qxd5 0-0 17. a4 Kh8 18. Rad1 f5 19. c5 Rad8 20. exf5 dxc5 21. Qxe5 Bd6 22. Qe4 Bxh2+ 23. Kh1 Bd6 24. f6 gxf6 25. Qf5 Qg7 26. g3 Be7 27. Rxd8 Bxd8 28. Qxc5 Qf7 29. Kg1 Kg8 30. Re4 Re8 31. Rxe8+ Qxe8 32. Qd5+ Kh8 33. Qxb7 a5 34. Qd5 Qe7 35. g4 Bc7 36. g5 Be5 37. gxf6 Bxf6 38. Bxf6+ Qxf6 39. Qxa5 Qg6+ 40. Kh2 Qd6+ 41. Kg2 Qg6+ 42. Kf3 Qd3+ 43. Kf4 Qxb3 44. Qe5+ Kg8 45. a5 Qf7+ 46. Kg3 Qg6+ 47. Kh4 Qh6+ 48. Kg4 Qa6 49. Qd5+ Kf8 50. f3 Qc8+ 51. Kh4 Qa6 52. Qd4 Kg8 53. Qd8+ Kf7 54. Qb6 Qc4+ 55. Kg3 Qc1 56. Qb7+ Kg8 57. Qd5+ Kg7 58. Qd4+ Kg8 59. a6 Qe1+ 60. Qf2 Qa1 61. a7 Kh8 62. Qc5 Qg7+ 63. Kf4 Qh6+ 64. Ke4 Qh4+ 65. Kd3 1-0

[Event "RUS-chT (Women)"]
[Site "Dagomys"]
[Date "2008.04.08"]
[Round "7"]
[White "Cherenkova, Kristina"]
[Black "Kursova, Maria"]
[Result "1/2-1/2"]
[WhiteElo "2279"]
[BlackElo "2322"]
[PlyCount "100"]
[EventDate "2008.04.02"]
[EventType "team"]
[EventRounds "9"]
[EventCountry "RUS"]
[SourceTitle "CBM 123 Extra"]
[Source "ChessBase"]
[SourceDate "2008.05.06"]
[SourceVersion "1"]
[SourceVersionDate "2008.05.06"]
[SourceQuality "1"]

1. e4 c5 2. Nf3 e6 3. c3 Nf6 4. e5 Nd5 5. d4 cxd4 6. cxd4 d6 7. a3 Bd7 8. Bd3 Bc6 9. 0-0 Nd7 10. b4 a6 11. Qb3 Rc8 12. Re1 Be7 13. Nbd2 N7b6 14. Ne4 dxe5 15. Nxe5 Ba4 16. Qa2 0-0 17. Nc5 Rc7 18. Qe2 Bb5 19. Bxb5 Nc3 20. Qg4 Nxb5 21. Bb2 Nd5 22. Rad1 Qc8 23. a4 Nd6 24. a5 Bf6 25. Ba3 Nb5 26. Qf3 g6 27. Qb3 Bg7 28. Bb2 Qd8 29. h3 Qe7 30. Nc4 Rd8 31. Nb6 Qh4 32. Re4 Qf6 33. Bc1 Nbc3 34. Nxd5 exd5 35. Qxc3 dxe4 36. Qg3 Qe7 37. Bg5 f6 38. Bf4 Rcc8 39. d5 Qf7 40. d6 Bf8 41. Nxe4 g5 42. Be3 Rc6 43. Nxf6+ Kh8 44. Ne4 h6 45. Bb6 Rd7 46. Bc5 Bg7 47. Qd3 Be5 48. Qe2 Qg6 49. Qd3 Rc8 50. Qd5 Bg7 1/2-1/2

[Event "RUS-chT (Women)"]
[Site "Dagomys"]
[Date "2008.04.04"]
[Round "3"]
[White "Kosintseva, Nadezhda"]
[Black "Cherenkova, Kristina"]
[Result "1/2-1/2"]
[WhiteElo "2468"]
[BlackElo "2279"]
[PlyCount "80"]
[EventDate "2008.04.02"]
[EventType "team"]
[EventRounds "9"]
[EventCountry "RUS"]
[SourceTitle "CBM 123 Extra"]
[Source "ChessBase"]
[SourceDate "2008.05.06"]
[SourceVersion "1"]
[SourceVersionDate "2008.05.06"]
[SourceQuality "1"]

1. e4 e5 2. Nf3 Nf6 3. d4 exd4 4. e5 Ne4 5. Qxd4 d5 6. exd6 Nxd6 7. Nc3 Nc6 8. Qf4 Be6 9. Bd2 Qe7 10. 0-0-0 0-0-0 11. Bd3 f6 12. Be3 Kb8 13. Qa4 Nc8 14. Bb5 Ne5 15. Rxd8 Qxd8 16. Rd1 Bd6 17. Nxe5 fxe5 18. Ne4 Qe7 19. c4 Nb6 20. Qc2 Bf5 21. f3 Bxe4 22. Qxe4 a6 23. Bxb6 cxb6 24. Ba4 g6 25. Kb1 Rd8 26. Bc2 Bc7 27. Rd5 Rxd5 28. Qxd5 Qc5 29. Be4 Qxd5 30. cxd5 Bd6 31. Kc2 Kc7 32. Kd3 Bc5 33. h4 Bf2 34. h5 gxh5 35. Bxh7 h4 36. Ke4 Kd6 37. Bf5 a5 38. Bc8 Bg3 39. Bxb7 Bf2 40. Ba6 Bg3 1/2-1/2

[Event "RUS-chT (Women)"]
[Site "Dagomys"]
[Date "2008.04.03"]
[Round "2"]
[White "Cherenkova, Kristina"]
[Black "Murashova, Ekaterina"]
[Result "1/2-1/2"]
[WhiteElo "2279"]
[BlackElo "2320"]
[PlyCount "68"]
[EventDate "2008.04.02"]
[EventType "team"]
[EventRounds "9"]
[EventCountry "RUS"]
[SourceTitle "CBM 123 Extra"]
[Source "ChessBase"]
[SourceDate "2008.05.06"]
[SourceVersion "1"]
[SourceVersionDate "2008.05.06"]
[SourceQuality "1"]

1. e4 c5 2. Nf3 Nc6 3. Bb5 g6 4. 0-0 Bg7 5. c3 Nf6 6. e5 Nd5 7. d4 cxd4 8. cxd4 Nc7 9. Nc3 Nxb5 10. Nxb5 0-0 11. Be3 a6 12. Nc3 d6 13. exd6 Qxd6 14. h3 Nb4 15. a3 Nd5 16. Nxd5 Qxd5 17. Rc1 Rd8 18. b4 Bf5 19. Rc5 Qa2 20. Qa1 Qxa1 21. Rxa1 Rac8 22. Rac1 Rxc5 23. Rxc5 Be4 24. Ne5 f6 25. Nc4 Bc6 26. Na5 Rd6 27. Nxc6 Rxc6 28. Rxc6 bxc6 29. Kf1 Kf7 30. Ke2 Ke6 31. Kd3 Kd5 32. h4 f5 33. f4 Bf6 34. g3 e6 1/2-1/2

[Event "Moscow op-C 04th (Women)"]
[Site "Moscow"]
[Date "2008.02.02"]
[Round "1"]
[White "Butneva, Larisa"]
[Black "Cherenkova, Kristina"]
[Result "0-1"]
[WhiteElo "1904"]
[BlackElo "2256"]
[PlyCount "70"]
[EventDate "2008.02.02"]
[EventType "swiss"]
[EventRounds "9"]
[EventCountry "RUS"]
[SourceTitle "CBM 122 Extra"]
[Source "ChessBase"]
[SourceDate "2008.03.04"]
[SourceVersion "1"]
[SourceVersionDate "2008.03.04"]
[SourceQuality "1"]

1. c4 Nf6 2. Nc3 g6 3. e4 d6 4. d4 Bg7 5. Be2 0-0 6. h4 h5 7. Bg5 Nc6 8. Qd2 Nh7 9. Be3 e5 10. Nf3 Bg4 11. dxe5 dxe5 12. 0-0-0 Bxf3 13. Bxf3 Qxd2+ 14. Rxd2 Nd4 15. Bd1 Rfd8 16. g4 hxg4 17. Bxg4 c6 18. Bd1 Nf6 19. Bg5 Ne6 20. Be3 Rxd2 21. Bxd2 Nc5 22. Bc2 Kh7 23. b4 Ne6 24. Bd1 Bh6 25. Bxh6 Kxh6 26. Ba4 Rd8 27. Bc2 Rd4 28. Bb3 Nxe4 29. Ne2 Rd7 30. Rh2 Nd4 31. Bd1 Nf3 32. Rg2 Ne1 33. Rh2 Nd3+ 34. Kb1 Nxb4 35. Kc1 Nxa2+ 0-1

[Event "Riazan op"]
[Site "Riazan"]
[Date "2007.08.??"]
[Round "1"]
[White "Cherenkova, Kristina"]
[Black "Malyshev, Igor"]
[Result "1-0"]
[WhiteElo "2254"]
[BlackElo "2296"]
[PlyCount "59"]
[EventDate "2007.08.??"]
[EventType "swiss"]
[EventRounds "9"]
[EventCountry "RUS"]
[SourceTitle "EXT 2009"]
[Source "ChessBase"]
[SourceDate "2008.11.26"]
[SourceVersion "1"]
[SourceVersionDate "2008.11.26"]
[SourceQuality "1"]

1. d4 Nf6 2. Nf3 e6 3. c4 c5 4. e3 b6 5. Nc3 d5 6. Bd3 Bb7 7. 0-0 Be7 8. cxd5 exd5 9. Ne5 0-0 10. b3 Nc6 11. Bf5 g6 12. Bh3 Ne4 13. Nxe4 dxe4 14. Bb2 f5 15. Qc1 Bf6 16. Rd1 Qc7 17. Nxc6 Qxc6 18. dxc5 Bxb2 19. Qxb2 Qxc5 20. g3 Qe7 21. Bf1 h6 22. Rd4 Rfd8 23. Rad1 Rxd4 24. Qxd4 Rc8 25. a4 Rc7 26. Bb5 Bc6 27. Qc4+ Qf7 28. Rc1 a6 29. Qxf7+ Kxf7 30. Rxc6 1-0

[Event "Riazan op"]
[Site "Riazan"]
[Date "2007.08.??"]
[Round "?"]
[White "Panchenko, Dmitry"]
[Black "Cherenkova, Kristina"]
[Result "1-0"]
[WhiteElo "2419"]
[BlackElo "2254"]
[PlyCount "41"]
[EventDate "2007.08.??"]
[EventType "swiss"]
[EventRounds "9"]
[EventCountry "RUS"]
[SourceTitle "EXT 2009"]
[Source "ChessBase"]
[SourceDate "2008.11.26"]
[SourceVersion "1"]
[SourceVersionDate "2008.11.26"]
[SourceQuality "1"]

1. e4 e5 2. Nf3 Nc6 3. Bc4 Bc5 4. 0-0 Nf6 5. d3 0-0 6. Bb3 d6 7. c3 a6 8. Nbd2 Ba7 9. h3 h6 10. Re1 Be6 11. Bc2 Re8 12. Nf1 d5 13. Qe2 Qd7 14. Ng3 b5 15. Nh2 Ne7 16. Qf3 Nh7 17. Ng4 Ng5 18. Nxh6+ gxh6 19. Bxg5 Bxh3 20. Nh5 Qe6 21. Bxe7 1-0

[Event "RUS-chT (Women)"]
[Site "Sochi"]
[Date "2007.05.11"]
[Round "11"]
[White "Cherenkova, Kristina"]
[Black "Zakurdjaeva, Irina"]
[Result "0-1"]
[WhiteElo "2249"]
[BlackElo "2286"]
[PlyCount "120"]
[EventDate "2007.05.01"]
[EventType "team"]
[EventRounds "11"]
[EventCountry "RUS"]
[SourceTitle "CBM 118 Extra"]
[Source "ChessBase"]
[SourceDate "2007.07.04"]
[SourceVersion "1"]
[SourceVersionDate "2007.07.04"]
[SourceQuality "1"]

1. e4 c5 2. Nf3 e6 3. d4 cxd4 4. Nxd4 Nc6 5. Nc3 a6 6. Nxc6 bxc6 7. Bd3 d5 8. 0-0 Nf6 9. e5 Nd7 10. Re1 Qc7 11. f4 Bc5+ 12. Kh1 0-0 13. Qh5 f5 14. Bd2 Bb7 15. Na4 Be7 16. b4 c5 17. Nxc5 Nxc5 18. bxc5 Bxc5 19. Qe2 Rfb8 20. Rab1 Bc6 21. Bxa6 Rxb1 22. Rxb1 Qa7 23. Bb5 Qxa2 24. Rc1 Ba3 25. Bxc6 Bxc1 26. Bxa8 Bxd2 27. g3 Qxc2 28. Kg2 h6 29. Bb7 Kh7 30. Ba6 Qc1 31. Bd3 Be3 32. Qf1 Qc3 33. Qe2 Bc5 34. Qc2 Qd4 35. Bxf5+ exf5 36. Qxf5+ Kg8 37. Qe6+ Kf8 38. Qc8+ Kf7 39. Qd7+ Be7 40. Qf5+ Ke8 41. Qg6+ Kd7 42. Qxg7 Qe4+ 43. Kg1 d4 44. Qg4+ Kc7 45. Qg7 Qe1+ 46. Kg2 Qe2+ 47. Kg1 Qd1+ 48. Kg2 Qc2+ 49. Kf3 Qc6+ 50. Ke2 Qc4+ 51. Kf3 Kd8 52. Qh8+ Kc7 53. Qg7 Qd5+ 54. Kf2 Qe6 55. Ke2 Kc6 56. f5 Qc4+ 57. Kf2 Qc2+ 58. Kg1 Bc5 59. Qg6+ Kb5 60. Qe8+ Kc4 0-1

[Event "RUS-chT (Women)"]
[Site "Sochi"]
[Date "2007.05.10"]
[Round "10"]
[White "Muzychuk, Anna"]
[Black "Cherenkova, Kristina"]
[Result "1-0"]
[WhiteElo "2474"]
[BlackElo "2249"]
[PlyCount "133"]
[EventDate "2007.05.01"]
[EventType "team"]
[EventRounds "11"]
[EventCountry "RUS"]
[SourceTitle "CBM 118 Extra"]
[Source "ChessBase"]
[SourceDate "2007.07.04"]
[SourceVersion "1"]
[SourceVersionDate "2007.07.04"]
[SourceQuality "1"]

1. e4 c5 2. Nf3 e6 3. d4 cxd4 4. Nxd4 Nc6 5. c4 Nf6 6. Nc3 Bb4 7. Nxc6 bxc6 8. Bd3 e5 9. 0-0 0-0 10. f4 d6 11. f5 d5 12. Qe2 Ba6 13. Bg5 dxc4 14. Bc2 Be7 15. Be3 Qa5 16. g4 Bc5 17. Kh1 Bxe3 18. Qxe3 Rfd8 19. g5 Nh5 20. g6 hxg6 21. fxg6 fxg6 22. Qg5 Rd6 23. Bd1 Nf6 24. Qxg6 Qc7 25. Qg5 Re8 26. Bh5 Nxh5 27. Qxh5 Qe7 28. Rg1 Qf7 29. Qg5 Rf6 30. Rae1 Bc8 31. Nd1 Rf3 32. Ne3 Bh3 33. Rg3 Rxg3 34. Qxg3 Bc8 35. Rf1 Qe7 36. Rf2 Qb4 37. Qg6 Rf8 38. Rxf8+ Qxf8 39. Kg2 Bd7 40. Qg5 c3 41. bxc3 Qc5 42. Qd8+ Kh7 43. Qxd7 Qxe3 44. Qh3+ Qh6 45. Kg3 Qxh3+ 46. Kxh3 Kh6 47. Kh4 Kg6 48. Kg4 Kf6 49. Kh5 g6+ 50. Kh6 Kf7 51. Kg5 Kg7 52. c4 Kf7 53. c5 Kg7 54. h4 Kf7 55. h5 gxh5 56. Kxh5 Kf6 57. Kh6 a6 58. a3 a5 59. a4 Kf7 60. Kg5 Kg7 61. Kf5 Kf7 62. Kxe5 Ke7 63. Kf5 Kf7 64. e5 Ke7 65. e6 Ke8 66. Ke4 Kf8 67. Kf4 1-0

[Event "RUS-chT (Women)"]
[Site "Sochi"]
[Date "2007.05.03"]
[Round "3"]
[White "Cherenkova, Kristina"]
[Black "Solovjova, Valentina"]
[Result "1-0"]
[WhiteElo "2249"]
[BlackElo "2261"]
[PlyCount "71"]
[EventDate "2007.05.01"]
[EventType "team"]
[EventRounds "11"]
[EventCountry "RUS"]
[SourceTitle "CBM 118 Extra"]
[Source "ChessBase"]
[SourceDate "2007.07.04"]
[SourceVersion "1"]
[SourceVersionDate "2007.07.04"]
[SourceQuality "1"]

1. d4 d5 2. Nf3 Nf6 3. c4 c6 4. Nc3 e6 5. e3 Nbd7 6. Qc2 Bd6 7. Bd3 dxc4 8. Bxc4 0-0 9. 0-0 Qe7 10. Bb3 e5 11. Ng5 Nb6 12. dxe5 Bxe5 13. f4 Bxc3 14. bxc3 h6 15. Nf3 Be6 16. Ne5 Bd5 17. c4 Be4 18. Qe2 Nbd7 19. Bb2 Rad8 20. Rad1 Nxe5 21. fxe5 Nh7 22. Qg4 Bg6 23. c5 Qg5 24. Qf4 Bd3 25. Rf2 Qg6 26. Rfd2 Be4 27. Bxf7+ Rxf7 28. Rxd8+ Nf8 29. Qg3 Qe6 30. R8d4 Bh7 31. Rd6 Qxa2 32. e6 Nxe6 33. Rxe6 Qxb2 34. Re8+ Rf8 35. Rxf8+ Kxf8 36. Rf1+ 1-0

[Event "Belgrade (Women) 39th"]
[Site "Belgrade"]
[Date "2007.03.07"]
[Round "4"]
[White "Cherenkova, Kristina"]
[Black "Olarasu, Gabriela"]
[Result "1/2-1/2"]
[WhiteElo "2239"]
[BlackElo "2274"]
[PlyCount "38"]
[EventDate "2007.03.04"]
[EventType "tourn"]
[EventRounds "9"]
[EventCountry "YUG"]
[EventCategory "1"]
[SourceTitle "CBM 117 Extra"]
[Source "ChessBase"]
[SourceDate "2007.05.09"]
[SourceVersion "1"]
[SourceVersionDate "2007.05.09"]
[SourceQuality "1"]

1. Nf3 d5 2. d4 Nf6 3. c4 c6 4. e3 Bf5 5. cxd5 cxd5 6. Qb3 Qc7 7. Nc3 e6 8. Bd2 Nc6 9. Nh4 Bg6 10. Be2 a6 11. Rc1 Be7 12. h3 Be4 13. Nf3 Bd6 14. Nxe4 Nxe4 15. Bc3 0-0 16. 0-0 Rfc8 17. Bd3 Nxc3 18. Rxc3 Qd7 19. Rfc1 Be7 1/2-1/2

[Event "Belgrade (Women) 39th"]
[Site "Belgrade"]
[Date "2007.03.05"]
[Round "2"]
[White "Cherenkova, Kristina"]
[Black "Petrenko, Svetlana"]
[Result "0-1"]
[WhiteElo "2239"]
[BlackElo "2319"]
[PlyCount "108"]
[EventDate "2007.03.04"]
[EventType "tourn"]
[EventRounds "9"]
[EventCountry "YUG"]
[EventCategory "1"]
[SourceTitle "CBM 117 Extra"]
[Source "ChessBase"]
[SourceDate "2007.05.09"]
[SourceVersion "1"]
[SourceVersionDate "2007.05.09"]
[SourceQuality "1"]

1. Nf3 d5 2. d4 e6 3. c4 c6 4. e3 f5 5. Nc3 Nf6 6. Bd3 Be7 7. Qc2 0-0 8. 0-0 Ne4 9. Ne5 Nd7 10. Nxd7 Bxd7 11. f3 Nd6 12. b3 b5 13. cxb5 cxb5 14. Ba3 Rc8 15. Bc5 Nb7 16. b4 Nxc5 17. bxc5 b4 18. Ne2 a5 19. Rfb1 e5 20. Qb3 Bc6 21. a3 e4 22. fxe4 fxe4 23. Ba6 Rb8 24. axb4 axb4 25. Nf4 Qd7 26. Bf1 g5 27. Nh5 Qf5 28. Ng3 Qg6 29. Ra6 Kh8 30. Be2 Qe8 31. Ra7 Rf6 32. Bg4 Qf8 33. Qb2 h6 34. Nf5 Bd8 35. Rf1 h5 36. Bxh5 Rxf5 37. Rf7 Rxf1+ 38. Rxf1 Bf6 39. Qf2 Kg7 40. Qf5 Be8 41. Bxe8 Rxe8 42. Qxd5 Qf7 43. Qd6 Rd8 44. Qa6 b3 45. Qb5 Qd5 46. h3 Rd7 47. g4 Qb7 48. Qc4 Qb8 49. Kg2 Ra7 50. Rf2 b2 51. Qe6 Rf7 52. Rxf6 Rxf6 53. Qe7+ Kg6 54. Qxe4+ Kh6 0-1